000 00356nam a2200133Ia 4500
008 240624s9999 xx 000 0 und d
041 _aeng
082 _a828 DAL
100 _aDALRYMPLE WILLIAM
245 _aAGE OF KALI INDIAN TRAVELS AND ENCOUNTER
260 _c2004
_aNew Delhi
_bPenguin Books
300 _axvi, : 385 : p. : cm. ; 19
365 _cRS
_b30
999 _c13639
_d13639